1742 1359 1381 1652 1448 1801 1140 1190 1318 1664 1867 1221 1593 1691 1106 1456 1231 1096 1203 1142 1431 1451 1298 1474 1198 1979 1882 1657 1420 1979 1238 1375 1249 1080 1220 1103 1165 1222 1196 1080 1836 1460 1258 1192 1464 1204 1605 1171 1051 1306 1474 1924 1965 1102 1844 1557 1241 1396 1133 1177 1760 1299 1963 1218 1722 1286 1934 1835 1356 1060 1120 1879 1634 1861 1864 1365 1421 1987 1134 1397 1729 1052 1893 1562 1826 1448 1240 1307 1601 1642 1206 1087 1672 1010 1278 1663 1091 1671 1603 BCNSPRNW ULIB Ver.6.0+V

เปลี่ยนเป็นภาษาไทย

Change to English
 แสดงรายละเอียดบรรณานุกรม
  กลับหน้าหลัก

Brief Record : Get Marc (ISO 2709) : E-mail record : QR code < ปิดหน้าต่าง
LEADER : 00000nam 2200000uu 4500
001    13399127405
003     ULIB
008    200519s2017||||th 000 0 tha d
020    ^a9781506259864 (pbk.)
050  4 ^aPE1128^bL887Bw
100 1  ^aLougheed, Lin,^d1946-
245 10 ^aBarron s writing for the TOEFL iBT /^cLin Lougheed
246 30 ^aWriting for the TOEFL iBT
250    ^a6th ed.
260    ^aHauppauge, N.Y. :^bBarron s Educational Series,^c2017
300    ^av, 309 p. :^bill. ;^c28 cm. +^e1 computer optical disc
505 0  ^aIntroduction -- Self-test -- Writing skills: integretedtask -- Writing skills: independent task -- Writing skills-both tasks -- Model tests
650  0 ^aTest of English as a Foreign Language^vStudy guides
650  0 ^aEnglish language^vTextbooks for foreign speakers
650  0 ^aEnglish language^xExaminations^vStudy guides
650  0 ^aEnglish language^xWriting^xProblems, exercises, etc.
653    ^aTOEFL
945    ^p386^l0^i007078
999    ^aประนอม เกษจรัล
รายการนี้ยังไม่มีแท็ก
คุณยังไม่ได้ล็อกอิน คุณสามารถมีกิจกรรมร่วมกับเว็บไซต์ได้ แต่ต้องล็อกอินก่อน ::
  ล็อกอิน

รายการสื่อสารสนเทศ

ลำดับที่ ประเภท เลขเรียก/บาร์โค้ด สถานที่ สถานะ
1. การศึกษาทั่วไป
หนังสือสำรอง
สถานะ=หนังสือสำรอง
PE1128 L887Bw ฉ.1 
  Barcode: 007078
ห้องสมุดวิทยาเขตสวรรค์ประชารักษ์
►หนังสือทั่วไป
บนชั้น

BibComment


ยังไม่เคยถูกคอมเมนท์

คอมเมนท์ทรัพยากรรายการนี้
  คอมเมนท์: Barron s writing..


 Copyright 2026. Bcnsprnw @Library